| 000 | 00336nam a22001337a 4500 | ||
|---|---|---|---|
| 008 | 181015b xxu||||| |||| 00| 0 eng d | ||
| 020 | _a9780070254749 | ||
| 041 | _aeng | ||
| 080 | _a573 | ||
| 100 | _a11 | ||
| 101 | _aBIO | ||
| 245 |
_aPhysics For Fre Med Biology And Alied Health Students _cGeorge.J.H |
||
| 942 |
_2udc _cBK |
||
| 999 |
_c49788 _d49788 |
||